| 000 | 00513nam a2200169 i 4500 | ||
|---|---|---|---|
| 001 | 26916 | ||
| 003 | ES-MaACL | ||
| 005 | 20230906153526.0 | ||
| 007 | t| | ||
| 008 | 030113s1931 sp ||||1| spa d | ||
| 100 | 1 |
_aAschoff de Freiburg. _923547 |
|
| 245 | 1 | 0 |
_aArterioesclerosis _b: (Arteriopatía deformante) / _cpor Aschoff de Freiburg. |
| 260 |
_aBarcelona : _b[s.n.], _c1931. |
||
| 300 |
_a32 p. ; _c24 cm. |
||
| 500 | _aSuplemento de: Revista de Información Terapéutica. | ||
| 852 |
_aES-MaACL _j1756-F-18 |
||
| 999 |
_c26916 _d26916 |
||